00349nam a2200133Ia 4500008004100000020001500041041001200056082001600068100001600084245005700100260003600157300000800193650001400201221030s9999 xx 000 0 und d a818584271X aEnglish a105.23bGur aGurdeep Raj 0aAdvanced Inroganic Chemistry Vol. IIcby Gurdeep Raj bKrishna PrakashanaMeerutc1998 a805 aChemistry